Η αποικιοκρατία στην Ασία : Ινδία - Περσία - Αφγανιστάν
Αποθηκεύτηκε σε:
| Κύριος συγγραφέας: | |
|---|---|
| Άλλοι συγγραφείς: | , |
| Μορφή: | Βιβλίο |
| Γλώσσα: | Greek English |
| Δημοσίευση: |
[Αθήνα] :
Άγρα,
2003
|
| Θέματα: | |
| Ετικέτες: |
Προσθήκη ετικέτας
Δεν υπάρχουν, Καταχωρήστε ετικέτα πρώτοι!
|
MARC
| LEADER | 00000cam a2200000 i 4500 | ||
|---|---|---|---|
| 001 | 1/98514 | ||
| 008 | 081201s2003 gre d | ||
| 020 | |a 960-325-508-4 | ||
| 035 | |l 10102118 | ||
| 040 | |a GR-MY-UA |b gre |e aacr | ||
| 041 | 1 | |a gre |h eng | |
| 082 | 0 | |a 325.35 |2 (22) | |
| 100 | 1 | |a Marx, Karl, |d 1818-1883. | |
| 245 | 1 | 2 | |a Η αποικιοκρατία στην Ασία : |b Ινδία - Περσία - Αφγανιστάν / |c Karl Marx - Friedrich Engels ; μετάφραση - επίμετρο Σάββας Μιχαήλ |
| 246 | 3 | 4 | |a Η αποικιοκρατία στην Ασία |b ; Ινδία / Περσία / Αφγανιστάν; 1853 |
| 260 | |a [Αθήνα] : |b Άγρα, |c 2003 | ||
| 300 | |a 128 σ.; |c 21 εκ. | ||
| 500 | |a Μετάφραση από τα αγγλικά | ||
| 504 | |a Περιέχει βιβλιογραφικές παραπομπές | ||
| 650 | 0 | 0 | |a Colonies |z Asia. |
| 650 | 0 | 0 | |a Colonies. |
| 651 | 0 | |a India |x Politics and government |y 19th century. | |
| 700 | 1 | |a Μιχαήλ, Σάββας, |d 1947- |4 trl | |
| 700 | 1 | |a Engels, Friedrich, |d 1820-1895. | |
| 852 | |a INST |b LESVOS |e 20081201 |h 325.35 MAR |p 005100043589 |q 005100043589 |t BK |y 4 |x 20210527 | ||
| 901 | |a BIBL1-2008-3 | ||
| 909 | |a Λ |b 157441 | ||
| 970 | |a ΚΑΡΑ |b ΓΙΑΣΕΜΗ |z 2008/12/01 | ||